| 000 | 00433nam a2200133Ia 4500 | ||
|---|---|---|---|
| 008 | 170516s9999 xx 000 0 und d | ||
| 245 | _aBioconjugated Pluronic Triblock-Copolymer Micelle-Encapsulated Quantum Dots for Targeted Imaging of Cancer: In Vitro and In Vivo Studies | ||
| 260 | _bTheranostics | ||
| 260 | _c2012 | ||
| 300 | _a2:7 | ||
| 650 | _xMedical Technology | ||
| 650 | _xMedtech | ||
| 856 | _uhttp://www.thno.org/v2i7 | ||
| 999 |
_c330028 _d330028 |
||